1990's and 2000's rap quiz - Statistics

General Stats
  • This quiz has been taken 66 times
  • The average score is 7 of 15
Answer Stats
Question Answer % Correct
What was the name of Kanye West's first album? The College Dropout
78%
Who did Nas diss with his song "Ether" in 2001? Jay Z
72%
Which one of these rappers WASN'T part of Wu-Tang Clan? Prodigy
65%
Who was the producer in "N.Y. State Of Mind" by Nas? DJ Premier
57%
Dr. Dre's album "2001" wasn't released in 2001. When was it released? 1999
53%
Which duo had songs called Eye For An Eye and Survival Of The Fittest in the their debut album in 1995? Mobb Deep
53%
Which of these albums was released before 1995? Doggystyle (Snoop Dogg)
52%
What was the name of Eminem's album from 2002? The Eminem Show
48%
Which of these albums was Snoop Dogg's album? Tha Blue Carpet Treatment
47%
Which one of these people was the first to leave N.W.A.? Ice Cube
45%
Who was a feature in a song called "Life's A Bitch" by Nas? AZ
43%
Whose debut album "Cheers!" had features from Eminem, 50 Cent and Busta Rhymes? Obie Trice
43%
In which year did 2Pac release his album named "Me Against The World"? 1995
38%
In The Game's album "The Documentary", 50 Cent was a feature many times. In which song 50 Cent WASN'T a feature? We Ain't
28%
Which of these songs is on the album "All Eyez On Me" by 2Pac? Holla At Me
23%
No matching quizzes found
Score Distribution
Percent of People with Each Score
Percentile by Number Answered
Your Score History
You have not taken this quiz